Cathédrales et églises de France en images - Clic quiz - #6 - Statistiques

Statistiques générales
  • Ce quiz a été pris 54 fois
  • Le résultat moyen est 6 sur 8
Statistiques - réponses
Hint Réponse % Correct
Fort-de-France
93%
Avignon
89%
Toulouse
80%
Sens
75%
Beauvais
73%
Metz
73%
Rouen
73%
Tours
73%
Aucun quiz correspondant
Distribution des résultats
% des personnes avec chaque résultat
Percentile par nombre de réponses
Votre historique - résultats
Vous n’avez pas pris ce quiz